[Event "Titled Tuesday intern op 09th Nov"]
[Site "Chess.com INT"]
[Date "2021.11.09"]
[Round "10"]
[White "Vakhlamov, Igor L"]
[Black "Sellitti, Federico"]
[Result "0-1"]
[WhiteElo "2413"]
[BlackElo "2176"]
[PlyCount "94"]
[EventDate "2021.11.09"]
[EventType "swiss (blitz)"]
[EventRounds "11"]
[EventCountry "USA"]
[SourceTitle "CBM 205 Extra"]
[Source "ChessBase"]
[SourceDate "2022.01.31"]
[SourceVersion "1"]
[SourceVersionDate "2022.01.31"]
[SourceQuality "1"]

1. e4 c5 2. Nf3 Nf6 3. e5 Nd5 4. g3 Nc6 5. Bg2 Qc7 6. Qe2 g6 7. Nc3 Nxc3 8. dxc3 Bg7 9. Bf4 0-0 10. 0-0 b6 11. Rad1 e6 12. h4 Bb7 13. Rfe1 Ne7 14. h5 h6 15. c4 g5 16. Bc1 f5 17. exf6 Bxf6 18. Nh2 Bxg2 19. Kxg2 Nf5 20. c3 Rae8 21. Ng4 Bg7 22. Qe4 d6 23. Rd3 Qf7 24. Rh1 b5 25. b3 bxc4 26. bxc4 Rb8 27. Rf3 d5 28. cxd5 exd5 29. Qd3 d4 30. cxd4 Qd5 31. dxc5 Nd4 32. Nh2 g4 33. Rd1 gxf3+ 34. Kh1 Qxh5 35. Be3 Qh3 36. Qf1 Qxf1+ 37. Nxf1 Nf5 38. Bf4 Rbd8 39. Rc1 Nd4 40. c6 Ne2 41. Rb1 Nxf4 42. gxf4 Rc8 43. Ne3 Rxc6 44. Kh2 Rxf4 45. Rb8+ Kh7 46. Rb7 Rg6 47. Rxa7 Rh4# 0-1

[Event "Titled Tuesday intern op 26th Oct"]
[Site "Chess.com INT"]
[Date "2021.10.26"]
[Round "8"]
[White "Sellitti, Federico"]
[Black "Gabrielian, Artur"]
[Result "0-1"]
[WhiteElo "2176"]
[BlackElo "2464"]
[PlyCount "134"]
[EventDate "2021.10.26"]
[EventType "swiss (blitz)"]
[EventRounds "11"]
[EventCountry "USA"]
[SourceTitle "CBM 204 Extra"]
[Source "ChessBase"]
[SourceDate "2021.11.30"]
[SourceVersion "1"]
[SourceVersionDate "2021.11.30"]
[SourceQuality "1"]

1. e4 c5 2. Nc3 d6 3. g3 Nc6 4. Bg2 g6 5. d3 Bg7 6. Be3 Nf6 7. h3 0-0 8. Qd2 Rb8 9. Bh6 Bxh6 10. Qxh6 Nd4 11. Qd2 b5 12. Nd1 b4 13. c3 bxc3 14. bxc3 Nc6 15. Ne2 Ba6 16. 0-0 Ne5 17. c4 Nc6 18. Ne3 Qa5 19. Qxa5 Nxa5 20. Rab1 Nc6 21. Nd5 Nxd5 22. exd5 Ne5 23. Rxb8 Rxb8 24. Nc1 g5 25. f4 gxf4 26. gxf4 Ng6 27. Be4 Bc8 28. Kh2 Rb2+ 29. Kg3 Kg7 30. h4 h5 31. Bxg6 fxg6 32. Rf2 Rb1 33. Ne2 Rd1 34. Rf3 Bf5 35. Re3 Rxd3 36. Kf2 Kf7 37. Nc3 Rd4 38. Kg3 a6 39. Nb5 a5 40. Nxd4 cxd4 41. Ra3 Bc2 42. Rxa5 d3 43. Ra3 d2 44. Rf3 d1Q 45. c5 dxc5 46. Kf2 Qxd5 47. Re3 Qxa2 48. Re2 c4 49. Ke3 Qa7+ 50. Kd2 Bd3 51. Re5 Qa2+ 52. Ke3 Qe2+ 53. Kd4 Qf2+ 54. Kc3 Qxf4 55. Rc5 Qxh4 56. Rd5 Qf6+ 57. Rd4 Qxd4+ 58. Kxd4 h4 59. Kc3 h3 60. Kd2 h2 61. Ke3 h1Q 62. Kd4 Qe4+ 63. Kc3 Ke6 64. Kb4 Kd5 65. Ka4 Kc5 66. Ka3 Qe2 67. Ka4 Qa2# 0-1

[Event "Titled Tuesday intern op 26th Oct"]
[Site "Chess.com INT"]
[Date "2021.10.26"]
[Round "6"]
[White "Sellitti, Federico"]
[Black "Kalajzic, Ivan"]
[Result "1-0"]
[WhiteElo "2176"]
[BlackElo "2112"]
[PlyCount "59"]
[EventDate "2021.10.26"]
[EventType "swiss (blitz)"]
[EventRounds "11"]
[EventCountry "USA"]
[SourceTitle "CBM 204 Extra"]
[Source "ChessBase"]
[SourceDate "2021.11.30"]
[SourceVersion "1"]
[SourceVersionDate "2021.11.30"]
[SourceQuality "1"]

1. e4 Nc6 2. d4 d5 3. Nc3 Nf6 4. e5 Nd7 5. Nxd5 Ndb8 6. Ne3 Qxd4 7. Qxd4 Nxd4 8. Bd2 b6 9. 0-0-0 Bb7 10. Bc3 Ne6 11. Ne2 g6 12. Nd4 Nxd4 13. Rxd4 Bg7 14. f4 0-0 15. Bc4 Bh6 16. Bd5 Bxd5 17. Nxd5 Nc6 18. Rc4 e6 19. Nf6+ Kg7 20. Rxc6 Bxf4+ 21. Kb1 Rfd8 22. Rxc7 Bd2 23. Rd1 Bxc3 24. Rxd8 Rxd8 25. bxc3 Rd1+ 26. Kb2 Re1 27. Rxa7 Rxe5 28. Ne8+ Kh6 29. Nd6 f5 30. Nf7+ 1-0

[Event "Titled Tuesday intern op 26th Oct"]
[Site "Chess.com INT"]
[Date "2021.10.26"]
[Round "1"]
[White "Sellitti, Federico"]
[Black "Moskvin, Anatoly"]
[Result "1-0"]
[WhiteElo "2176"]
[BlackElo "2201"]
[PlyCount "51"]
[EventDate "2021.10.26"]
[EventType "swiss (blitz)"]
[EventRounds "11"]
[EventCountry "USA"]
[SourceTitle "CBM 204 Extra"]
[Source "ChessBase"]
[SourceDate "2021.11.30"]
[SourceVersion "1"]
[SourceVersionDate "2021.11.30"]
[SourceQuality "1"]

1. e4 e5 2. Nc3 Nc6 3. f4 exf4 4. Nf3 g5 5. Bc4 h6 6. 0-0 Bg7 7. d3 d6 8. g3 g4 9. Nh4 f3 10. Nxf3 gxf3 11. Qxf3 Ne5 12. Bxf7+ Kf8 13. Qf2 Nf6 14. Bb3 c6 15. d4 Neg4 16. Qe2 Qb6 17. Bf4 Ke7 18. Rad1 Re8 19. Kh1 Nh5 20. e5 d5 21. Bxd5 Qxb2 22. Bxc6 Qxc3 23. Bxe8 Kxe8 24. Rf3 Qa5 25. Qc4 Be6 26. Qxe6+ 1-0

[Event "Titled Tuesday intern op 26th Oct"]
[Site "Chess.com INT"]
[Date "2021.10.26"]
[Round "10"]
[White "Sellitti, Federico"]
[Black "Tristan, Leonardo"]
[Result "0-1"]
[WhiteElo "2176"]
[BlackElo "2535"]
[PlyCount "100"]
[EventDate "2021.10.26"]
[EventType "swiss (blitz)"]
[EventRounds "11"]
[EventCountry "USA"]
[SourceTitle "CBM 204 Extra"]
[Source "ChessBase"]
[SourceDate "2021.11.30"]
[SourceVersion "1"]
[SourceVersionDate "2021.11.30"]
[SourceQuality "1"]

1. e4 d5 2. exd5 Qxd5 3. Nc3 Qa5 4. g3 e5 5. Bg2 Nf6 6. d3 Bd6 7. Be3 0-0 8. Nge2 c6 9. 0-0 Re8 10. a3 Be6 11. b4 Qc7 12. b5 Nbd7 13. Rb1 Nb6 14. a4 Nbd5 15. Bd2 Rad8 16. a5 h6 17. a6 Nxc3 18. Nxc3 Nd5 19. bxc6 bxc6 20. Rb7 Qa5 21. Qa1 Qxa1 22. Rxa1 Bc5 23. Na4 Bd4 24. c3 Bb6 25. Nxb6 axb6 26. Bxd5 Bxd5 27. Rxb6 Bf3 28. a7 c5 29. Be3 Rxd3 30. Rb8 Rdd8 31. Rab1 Kh7 32. Bxc5 g5 33. Be3 Kg6 34. c4 Kf5 35. c5 Kg4 36. R8b6 f5 37. Rxh6 f4 38. h3+ Kf5 39. g4+ Ke4 40. Rd6 fxe3 41. fxe3 Kxe3 42. Rbd1 Bxd1 43. Rxd8 Rxd8 44. c6 Bf3 45. c7 Rd1+ 46. Kh2 Rh1+ 47. Kg3 Rg1+ 48. Kh2 Rg2+ 49. Kh1 Rc2+ 50. Kg1 Rxc7 0-1

[Event "Titled Tuesday intern op 12th Oct"]
[Site "Chess.com INT"]
[Date "2021.10.12"]
[Round "5"]
[White "Cagara, Paulina"]
[Black "Sellitti, Federico"]
[Result "0-1"]
[WhiteElo "2045"]
[BlackElo "2176"]
[PlyCount "84"]
[EventDate "2021.10.12"]
[EventType "swiss (blitz)"]
[EventRounds "11"]
[EventCountry "USA"]
[SourceTitle "EXT 2023"]
[Source "ChessBase"]
[SourceDate "2022.10.05"]
[SourceVersion "1"]
[SourceVersionDate "2022.10.05"]
[SourceQuality "1"]

1. e4 c5 2. Nc3 Nc6 3. Bb5 Nd4 4. Bc4 g6 5. Nf3 Bg7 6. Nxd4 cxd4 7. Qf3 Nf6 8. Ne2 d5 9. exd5 Bg4 10. Qb3 Bxe2 11. Bxe2 0-0 12. 0-0 Qxd5 13. Qxd5 Nxd5 14. Bf3 Rfd8 15. c3 d3 16. b3 e5 17. Bb2 f5 18. c4 e4 19. Bxg7 Kxg7 20. Bd1 Nf4 21. Re1 Kf6 22. g3 Ne6 23. f3 Nc5 24. fxe4 Nxe4 25. Bf3 Rd4 26. Bxe4 Rxe4 27. Rxe4 fxe4 28. Kf2 Ke5 29. c5 Rf8+ 30. Kg2 Kd4 31. Rc1 e3 32. Rc4+ Ke5 33. dxe3 Rd8 34. Rc1 Ke4 35. Kf2 Rf8+ 36. Ke1 Kxe3 37. Rc3 Rf6 38. b4 Kd4 39. Rc1 Re6+ 40. Kd1 Re2 41. b5 Rxh2 42. c6 Ke3 0-1

[Event "Titled Tuesday intern op 12th Oct"]
[Site "Chess.com INT"]
[Date "2021.10.12"]
[Round "6"]
[White "Sellitti, Federico"]
[Black "Varney, Zoe"]
[Result "1-0"]
[WhiteElo "2176"]
[BlackElo "1937"]
[PlyCount "65"]
[EventDate "2021.10.12"]
[EventType "swiss (blitz)"]
[EventRounds "11"]
[EventCountry "USA"]
[SourceTitle "EXT 2023"]
[Source "ChessBase"]
[SourceDate "2022.10.05"]
[SourceVersion "1"]
[SourceVersionDate "2022.10.05"]
[SourceQuality "1"]

1. e4 e5 2. Nc3 Nf6 3. f4 d5 4. fxe5 Nxe4 5. Qf3 f5 6. d3 Nxc3 7. bxc3 d4 8. Ne2 dxc3 9. Be3 Nc6 10. d4 Nb4 11. Kd1 c5 12. a3 cxd4 13. Bxd4 Nc6 14. Qxc3 Be6 15. Qd2 Nxd4 16. Nxd4 Bc8 17. Bb5+ Kf7 18. Bc4+ Kg6 19. h4 h5 20. c3 Bc5 21. Rh3 Re8 22. Rg3+ Kh7 23. Rg5 g6 24. g4 fxg4 25. Kc2 Bxd4 26. cxd4 Bf5+ 27. Kb3 Rxe5 28. Re1 Rxe1 29. Qxe1 Qxd4 30. Qe7+ Kh8 31. Rxf5 gxf5 32. Qg5 Qb6+ 33. Kc3 1-0